00482nam a22001337a 4500082001400000100002300014245009500037260004700132300000700179650002600186942000700212952011200219999001700331 a305.3 KUM aKumar, Santhosh S. aA Guid to Inclusive Language For Theological Students, Christian Ministers and Lay Leaders aBanglorebUnited Theoligical Collegec2012 a53 aGender Discrimination cBK 00104070aHMIbHMId2016-04-18eBTESSC Bangloreg50.00l0o305.3 KUMp11-3239r2016-04-18w2016-04-18yBK c20057d20057